000 00697nam a22001937a 4500
999 _c2005
_d2005
003 AR-CdUCM
008 190228b ||||| |||| 00| 0 spa d
040 _aMUNICIPALIDAD PROVINCIAL DEL CUSCO
_cBIBLIOTECA MUNICIPAL DEL CUSCO
082 _a355.34 /
_bB39
100 _aBergier, Jacques
_97293
245 _aEl espionaje científico /
260 _aEspaña :
_bPlaza&Janes ,
_c1973.
300 _a254 páginas ;
_c22 cm.
505 _aComo se convierte uno en espía científico -- Temo lo que contiene la cartera de los sabios -- Terror entorno de Dugway...
650 _aMovimiento militar.
_97294
650 _aNuevos juegos bélicos.
_97295
942 _2ddc
_cLIBROS
945 _awfj
_d2019-02-28